Vybrané aspekty úpravy ochrany spotrebiteľa pri kúpe zájazdu s osobitným kontextom na úpadok cestovnej kancelárie
Základná problematika ochrany spotrebiteľa v prípade úpadku cestovnej kancelárie. Možné nástrahy s uplatňovaním práv spotrebiteľov v prípade, ak nastane nikým neželaný, ale objektívny úpadok cestovnej kancelárie.
Enregistré dans:
| Auteur principal: | |
|---|---|
| Format: | Chapitre de livre |
| Langue: | slovaque |
| Sujets: | |
| Tags: |
Pas de tags, Soyez le premier à ajouter un tag!
|
MARC
| LEADER | 00000naa a2200000 4500 | ||
|---|---|---|---|
| 001 | 0203813 | ||
| 005 | 20231208123329.2 | ||
| 041 | 0 | |a slo | |
| 044 | |a SK | ||
| 245 | 1 | 0 | |a Vybrané aspekty úpravy ochrany spotrebiteľa pri kúpe zájazdu s osobitným kontextom na úpadok cestovnej kancelárie |c Peter Ondrus |
| 520 | |a Základná problematika ochrany spotrebiteľa v prípade úpadku cestovnej kancelárie. Možné nástrahy s uplatňovaním práv spotrebiteľov v prípade, ak nastane nikým neželaný, ale objektívny úpadok cestovnej kancelárie. | ||
| 610 | 2 | 0 | |a kancelárie cestovné |
| 610 | 2 | 0 | |a ruch cestovný |
| 610 | 2 | 0 | |a ochrana spotrebiteľa |
| 610 | 2 | 0 | |a úpadok podniku |
| 100 | 1 | |a Ondrus, Peter | |